000 00479nam a2200169Ia 4500
008 240729s9999 xx 000 0 und d
022 _a1897-3191
245 0 _aOceanological and Hydrobiological Studies
260 _aPoland
260 _bSciendo
650 _a Biology (General)
650 _a Oceanography | Science
650 _aGeography. Anthropology. Recreation
856 _uhttps://doaj.org/toc/1d2abeb6b8234af9aa5ce5805c5cdc45
942 _2ddc
942 _cDOAJEJ
999 _c72070
_d72070
945 _a1
_bMadushi Gamage
_c1
_dMadushi Gamage